| Tag |
First Indicator |
Second Indicator |
Subfields |
| LEADER |
00000cam a2200000 4500 |
| 001 |
in00000023551 |
| 005 |
20151007064500.0 |
| 008 |
750917s1955 nyu 00000 eng |
| 010 |
|
|
|a 55008280
|
| 035 |
|
|
|a (OCoLC)01629777
|
| 035 |
|
|
|9 AAD9933AM
|
| 040 |
|
|
|a DLC
|c FQG
|d TXA
|d UtOrBLW
|
| 049 |
|
|
|a TXAM
|c 1 [254945]
|c 2 [423525]
|
| 050 |
0 |
0 |
|a TC174
|b .P28
|
| 082 |
0 |
|
|a 532.5
|
| 092 |
|
|
|a 532.5
|b P253w
|
| 100 |
1 |
|
|a Parmakian, John.
|
| 245 |
1 |
0 |
|a Waterhammer analysis.
|
| 264 |
|
1 |
|a New York :
|b Prentice-Hall,
|c 1955.
|
| 300 |
|
|
|a 161 pages :
|b illustrations ;
|c 24 cm.
|
| 336 |
|
|
|a text
|b txt
|2 rdacontent
|
| 337 |
|
|
|a unmediated
|b n
|2 rdamedia
|
| 338 |
|
|
|a volume
|b nc
|2 rdacarrier
|
| 490 |
1 |
|
|a Prentice-Hall civil engineering and engineering mechanics series
|
| 650 |
|
0 |
|a Water hammer.
|
| 830 |
|
0 |
|a Prentice-Hall civil engineering and engineering mechanics series.
|
| 999 |
|
|
|a MARS
|
| 999 |
f |
f |
|s 31b7271a-c0f1-3900-8ae7-b90e65b30a6c
|i fccf763f-eea2-3cfd-bcc3-ee0295a0cdc8
|t 0
|
| 952 |
f |
f |
|p ric
|a Texas A&M University
|b Rellis Campus
|c Joint Library Facility
|d Remote Storage
|t 0
|e TC174 .P28
|h Library of Congress classification
|i unmediated -- volume
|m A14811121468
|
| 998 |
f |
f |
|a TC174 .P28
|t 0
|l Remote Storage
|